00827nam a2200193 a 450000100060000000300090000600800410001502000150005604000280007108200160009910000400011524500420015525000060019726000370020330000110024050503400025165000220059165000200061315229CO-ViMGA141112s2004 ck r 000 u spa d a9684269145 aCO-ViMGAbspacCO-ViMGA04a575.1 L474i1 aLisker, Ruben; Armendares, Salvador10aIntroducción a la genética humana a2 aMexico, cManual Moderno, c2001 a320.p. aEstructura y función del material genetico La nueva genética Herencia Mendeliana simple o monogenica Herencia multifactorial o poligenica Gemelos Los cromosomas Diferenciación sexual Genética y cáncer Prevención y tratamiento de las enfermedades hereditarias Genética y sociedad Concepto, historia de la genética humana14aGENética HUMANA14aHERENCIA HUMANA